000 00312 a2200157 4500
001 58181
020 _a8526217550
040 _cAnchieta - Pituba
100 _aD'Santana, Edson
240 1 0 _aAo mar!
_lpor
245 1 0 _aAo mar!
300 _a40
362 0 _a1991
650 4 _aDrama brasileiro
942 _cBK
999 _c58181
_d58181